Entry Nombre personal
001 - NÚMERO DE CONTROL
- campo de control: 127901
003 - IDENTIFICADOR DE NÚMERO DE CONTROL
- campo de control: SpMaBN
005 - FECHA Y HORA DE LA ÚLTIMA TRANSACCIÓN
- campo de control: 20250806070819.0
008 - ELEMENTOS DE DATO DE LONGITUD-FIJA
- campo de control de longitud fija: 920725nn ainnnaabn a aaa
016 ## - NÚMERO DE CONTROL DE UNA AGENCIA BIBLIOGRÁFICA NACIONAL
- Número de control del registro: BNE19983577754
024 7# - IDENTIFICADOR DE OTROS ESTÁNDARES
- Número estándar o código: http://viaf.org/viaf/43206139/
- Fuente: viaf
024 8# - IDENTIFICADOR DE OTROS ESTÁNDARES
- Número estándar o código: https://data.cervantesvirtual.com/person/19047
024 7# - IDENTIFICADOR DE OTROS ESTÁNDARES
- Número estándar o código: https://isni.org/isni/0000000083772663
- Fuente: isni
024 7# - IDENTIFICADOR DE OTROS ESTÁNDARES
- Número estándar o código: http://www.wikidata.org/entity/Q5698624
- Fuente: wikidata
040 ## - FUENTE DE CATALOGACIÓN
- Centro catalogador/agencia de origen: SpMaBN
- Lengua de catalogación: spa
- Centro/agencia transcriptor: SpMaBN
- Normas de descripción: rdc
- Convención/Normas de encabezamiento de materia/tesauro: embne
046 ## - FECHAS CON CODIFICACIÓN ESPECIAL
- Fecha de nacimiento: 1773
- Fecha de la muerte: 1836
100 1# - ENCABEZAMIENTO-NOMBRE DE PERSONA
- Nombre de persona: Hernández Morejón, Antonio,
- Fechas asociadas al nombre: 1773-1836
370 ## - LUGAR ASOCIADO
- Lugar de nacimiento: Alaejos
- Número de control del registro de autoridad o número normalizado: XX453431
- Fuente de información: Wikidata
374 ## - OCUPACIÓN
- Ocupación: Historiadores
- Ocupación: Higienista
- Fuente de información: Wikidata
375 ## - GÉNERO/SEXO
- Género: Masculino
- Fuente de información: Wikidata
377 ## - IDIOMA ASOCIADO
- Término de lengua/lenguaje: Español
400 1# - TRAZADO DE VÉASE--NOMBRE DE PERSONA
- Nombre de persona: Morejón, Antonio Hernández,
- Fechas asociadas al nombre: 1773-1836
670 ## - FUENTE DE DATOS ENCONTRADOS
- Cita de la fuente: Historia bibliográfica de la Medicina Española, 1842-1850
- Información encontrada: port. (Antonio Hernández Morejón)
670 ## - FUENTE DE DATOS ENCONTRADOS
- Cita de la fuente: Espasa
- Información encontrada: (Morejón, Antonio Hernández; médico español; n. en 1773 y m. en 1836)
